00567nam a22001697a 450000500170000001000150001702000260003203500140005803700130007208200080008524501090009325000120020226000310021427000800024530000200032550000520034520181029130339.0 aENG-124396 c625.00a9789386515681 aEN-107928 bDBAD/PUB a000 aUniversal's CLAT common law admission test:bconducted by National law schools in india solved papers / a9th ed. aGurgaonbLexis Nexisc2018 a14th floor,Building No-10, Tower-B,DLF Cyber City Phase-11bGurgaone122002 a839p.c27cm(Hb) aAlong with Previous Years' papers of NLU, Delhi